00979nam a22002657a 45000010005000000030006000050050017000110080041000280200018000690400029000870500016001160820011001321000043001432450125001862500041003112600038003523000040003905050007004305200153004375210018005905210018006086500025006266500022006517000040006737338FISKH20250710081824.0250710b cb ||||| |||| 00| 0 eng d a9780440847717 aFISKHbengcFISKHdFISKH aPZ7.G2933 O a813.54 aGeorge, Craighead Jeand (1919–2012) aOn the far side of the mountain :bSequel to my side of the mountain /cWritten and illustrated by Jean Craighead George aThis edition first published in 1992 aNew York :bA trumpet club,c1990 a170 pages :billustrations ;c18 cm aR  aSam's peaceful existence in his wilderness home is disrupted when his sister runs away and his pet falcon is confiscated by a conservation officer. 8 a760 bLexile 8 aR bRaz-Plus  2SurvivalaWilderness 2AdventureaNature aGeorge, Craighead Jeandillustrator